Estadísticas para Alfabeto Internacional

Haz click aquí para intentar la prueba.

Estadísticas generales

  • Esta prueba ha sido intentada 8 veces
  • La puntuación promedio es 12 de 26

Estadísticas de respuestas

AlphabetKey% Correcto
AAlfa
88%
CCharlie
88%
DDelta
75%
TTango
63%
ZZulu
63%
BBravo
50%
KKilo
50%
LLima
50%
NNovember
50%
XX-ray
50%
EEcho
38%
GGolf
38%
HHotel
38%
IIndia
38%
JJuliet
38%
MMike
38%
OOscar
38%
PPapa
38%
QQuebec
38%
RRomeo
38%
SSierra
38%
VVictor
38%
YYankee
38%
FFoxtrot
25%
UUniform
25%
WWhiskey
25%

Distribución de puntuación

Porcentaje por número respondido

Porcentaje de gente con cada puntuación

Historial de tus puntuaciones

No has intentado esta prueba.